00341nam a2200133Ia 4500008004100000041000800041082001500049100001800064245003000082250001500112260003900127300003400166365000700200240624s9999 xx 000 0 und d aeng a368.32 BLA aBLACK KENNETH aLIFE AND HEALTH INSURANCE a(13th ed.) c2004aNew DelhibPearson Education axviii, : 1054 : p. : cm. ; 24 cRS